| 000 | 00777nam a2200217 a 4500 | ||
|---|---|---|---|
| 005 | 20260113063904.0 | ||
| 008 | 180416s2016 es r 000 0 spa d | ||
| 020 | _a9788499218991 | ||
| 035 | _aUPN01000224056 | ||
| 049 | _aCG | ||
| 050 | 4 |
_aLB2324 _bP4.7 |
|
| 245 | 0 | 3 |
_aLa perspectiva DIY en la universidad : _b¡hazlo tú mismo y en colaboración! : implicaciones pedagógicas y tecnológicas / _ccoord. Fernando Hernández y Hernández. |
| 260 |
_aBarcelona, Esp. : _bOctaedro-Ice, _c2016. |
||
| 300 |
_a120 p. : _btablas |
||
| 440 | 0 | _aEducación universitaria | |
| 650 | 4 |
_aEDUCACION SUPERIOR - _xINNOVACIONES _918914 |
|
| 650 | 4 |
_aPrácticas pedagógicas _913639 |
|
| 700 | 1 |
_aHernández y Hernández, Fernando, _ecoord. _941783 |
|
| 905 | _aLibro | ||
| 999 |
_c196153 _d196153 |
||